Gramática de la lengua latina : Morfología y Nociones de Sintaxis

שמור ב:
מידע ביבליוגרפי
מחבר ראשי: Valentí Fiol, Eduardo
פורמט: ספר
שפה:Undetermined
יצא לאור: Barcelona, España Editorial Bosch 1999
מהדורה:10
נושאים:
תגים: הוספת תג
אין תגיות, היה/י הראשונ/ה לתייג את הרשומה!

MARC

LEADER 00000nam a2200000Ia 4500
008 170316s9999 xx 000 0 und d
020 |a 84-7676-584-3 
040 |a cru BVZT 
090 |a 415-L V-2g 
100 |a Valentí Fiol, Eduardo 
245 |a Gramática de la lengua latina : Morfología y Nociones de Sintaxis 
250 |a 10 
260 |a Barcelona, España 
260 |b Editorial Bosch 
260 |c 1999 
300 |a 158 páginas 
650 |a GRAMÁTICA LATINA 
999 |c 19661  |d 19661 
942 |c 4 D  |h 415-L V-2g  |2 z